Engineering aspects of food biotechnology
Aimed at producing and improving food ingredients, developments in food biotechnology have focused on the fields of genetics and in enzyme- and cell-based biological processes. While the underlying science of these developments and applications has traditionally been well reported, there is a clear...
Saved in:
| Format: | Book |
|---|---|
| Language: | Undetermined |
| Published: |
Boca Raton
CRC Press
2014
|
| Subjects: | |
| Tags: |
Add Tag
No Tags, Be the first to tag this record!
|
| Institutions: | Trung tâm Học liệu Trường Đại học Cần Thơ |
|---|
| LEADER | 01137nam a2200205Ia 4500 | ||
|---|---|---|---|
| 001 | CTU_188031 | ||
| 008 | 210402s9999 xx 000 0 und d | ||
| 020 | |c 3563000 | ||
| 082 | |a 664 | ||
| 082 | |b E57 | ||
| 245 | 0 | |a Engineering aspects of food biotechnology | |
| 245 | 0 | |c Edited by José A. Teixeira, António A. Vicente | |
| 260 | |a Boca Raton | ||
| 260 | |b CRC Press | ||
| 260 | |c 2014 | ||
| 520 | |a Aimed at producing and improving food ingredients, developments in food biotechnology have focused on the fields of genetics and in enzyme- and cell-based biological processes. While the underlying science of these developments and applications has traditionally been well reported, there is a clear lack of information on the engineering aspects of such biotechnology-based food processes. This book provides a comprehensive review of these aspects, from the development of food processes and products to the most important unit operations. | ||
| 650 | |a Food,Thực phẩm | ||
| 650 | |x Biotechnology,Công nghệ sinh học | ||
| 910 | |a Thoại Linh,Hải | ||
| 980 | |a Trung tâm Học liệu Trường Đại học Cần Thơ | ||